UM Logo

A comparison of descriptive writing and drawing of plants for the development of adult novices' botanical knowledge / (Record no. 20917)

MARC details
000 -LEADER
fixed length control field 00907nam a22002297a 4500
003 - CONTROL NUMBER IDENTIFIER
control field OSt
005 - DATE AND TIME OF LATEST TRANSACTION
control field 20250413062519.0
008 - FIXED-LENGTH DATA ELEMENTS--GENERAL INFORMATION
fixed length control field 240827b ||||| |||| 00| 0 eng d
040 ## - CATALOGING SOURCE
Transcribing agency 0
082 ## - DEWEY DECIMAL CLASSIFICATION NUMBER
Classification number DPer 570 J826 2021 v. 53 n. 1-5.
100 ## - MAIN ENTRY--PERSONAL NAME
Personal name Stagg, Bethan C.
Relator term author.
9 (RLIN) 59031
245 ## - TITLE STATEMENT
Title A comparison of descriptive writing and drawing of plants for the development of adult novices' botanical knowledge /
Statement of responsibility, etc. Bethan S. Stagg, and Michael F. Verde.
260 ## - PUBLICATION, DISTRIBUTION, ETC. (IMPRINT)
Place of publication, distribution, etc. United Kingdom ;
Name of publisher, distributor, etc. Taylor & Francis Group,
Date of publication, distribution, etc. February 2019.
300 ## - PHYSICAL DESCRIPTION
Extent volume 53, pages 63-78,
Other physical details illustration.
500 ## - GENERAL NOTE
General note Journal of Biological Education, v. 53 n. 1, pages 63-78, February 2019.
650 #0 - SUBJECT ADDED ENTRY--TOPICAL TERM
Topical term or geographic name as entry element Species identification.
9 (RLIN) 11493
650 #0 - SUBJECT ADDED ENTRY--TOPICAL TERM
Topical term or geographic name as entry element Botany.
9 (RLIN) 66407
650 #0 - SUBJECT ADDED ENTRY--TOPICAL TERM
Topical term or geographic name as entry element Biological drawing.
9 (RLIN) 66408
700 ## - ADDED ENTRY--PERSONAL NAME
Personal name Stagg, Bethan C.
Relator term author.
9 (RLIN) 59031
700 ## - ADDED ENTRY--PERSONAL NAME
Personal name Verde, Michael F.
Relator term author.
9 (RLIN) 59032
942 ## - ADDED ENTRY ELEMENTS (KOHA)
Source of classification or shelving scheme Dewey Decimal Classification
Koha item type Periodicals
Holdings
Withdrawn status Lost status Source of classification or shelving scheme Damaged status Not for loan Collection code Home library Current library Date acquired Total Checkouts Full call number Date last seen Price effective from Koha item type Public note
    Dewey Decimal Classification     Periodicals UM Digos College - LIC UM Digos College - LIC 08/27/2024   DPer 570J826 2021 v53,no 1-5. 08/27/2024 08/27/2024 Periodicals Periodical Article